[Event "Kragero op"]
[Site "Kragero"]
[Date "2017.02.23"]
[Round "2"]
[White "Voll, Oddvar U"]
[Black "Gjertsen, Petter"]
[Result "1-0"]
[WhiteElo "1988"]
[BlackElo "1753"]
[PlyCount "119"]
[EventDate "2017.02.22"]
[EventType "swiss"]
[EventRounds "9"]
[EventCountry "NOR"]
[SourceTitle "CBM 177 Extra"]
[Source "ChessBase"]
[SourceDate "2017.04.27"]
[SourceVersion "1"]
[SourceVersionDate "2017.04.27"]
[SourceQuality "1"]

1. e4 e5 2. Nf3 Nc6 3. d4 exd4 4. Bc4 Bc5 5. c3 dxc3 6. Bxf7+ Kxf7 7. Qd5+ Kf8 8. Qxc5+ d6 9. Qxc3 Qf6 10. Qe3 Nge7 11. Nc3 Bg4 12. Bd2 Bxf3 13. gxf3 Nd4 14. 0-0-0 Nxf3 15. Kb1 Nxd2+ 16. Rxd2 Kf7 17. Nd5 Nxd5 18. Rxd5 Rhe8 19. Qb3 Qe6 20. f3 b6 21. Rg1 Kf8 22. Qc3 Re7 23. Rdg5 g6 24. h4 Kf7 25. h5 Rg8 26. R1g4 Qf6 27. Qc4+ Qe6 28. Rf4+ Ke8 29. Qc6+ Qd7 30. Qa8+ Qd8 31. Qxa7 Re5 32. Qa4+ Qd7 33. Rxe5+ dxe5 34. Qxd7+ Kxd7 35. Rf7+ Kd6 36. Rxh7 gxh5 37. Rxh5 Rf8 38. Rf5 Rxf5 39. exf5 Ke7 40. a4 c5 41. Kc2 Kf6 42. Kd3 Kxf5 43. Kc4 Kf4 44. Kb5 Kxf3 45. Kxb6 e4 46. a5 e3 47. a6 e2 48. a7 e1Q 49. a8Q+ Kg3 50. Qa3+ Kf4 51. Qxc5 Qe6+ 52. Kb5 Qe8+ 53. Kb4 Qb8+ 54. Kc3 Qe5+ 55. Qxe5+ Kxe5 56. Kb4 Kd6 57. Ka5 Kc5 58. b4+ Kc6 59. Ka6 Kc7 60. b5 1-0

[Event "NOR-ch Class2"]
[Site "Lillehammer"]
[Date "2013.06.29"]
[Round "1"]
[White "Dahl, Torbjorn"]
[Black "Gjertsen, Petter"]
[Result "1/2-1/2"]
[WhiteElo "1615"]
[BlackElo "1505"]
[PlyCount "83"]
[EventDate "2013.06.29"]
[EventType "swiss"]
[EventRounds "9"]
[EventCountry "NOR"]
[SourceTitle "EXT 2017"]
[Source "ChessBase"]
[SourceDate "2016.10.25"]
[SourceVersion "1"]
[SourceVersionDate "2016.10.25"]
[SourceQuality "1"]

1. e4 d5 2. exd5 Nf6 3. Nc3 Nxd5 4. Bc4 Nb6 5. Bb3 c5 6. d3 Nc6 7. Qh5 e6 8. Be3 Nd4 9. Nf3 Be7 10. Bxd4 cxd4 11. Ne2 Bf6 12. Qc5 Nd7 13. Ba4 a6 14. Bxd7+ Bxd7 15. Nexd4 Rc8 16. Qd6 Qa5+ 17. b4 Qa3 18. 0-0 Be7 19. Qg3 0-0 20. Ne5 Ba4 21. Nc4 Qxb4 22. Rab1 Qc3 23. Ne2 Qxc2 24. Rb2 Rxc4 25. Rxc2 Rxc2 26. Qg4 Bc6 27. Nd4 Rd2 28. Nxc6 bxc6 29. Qc4 Rd8 30. Qxa6 R2xd3 31. Qxc6 Ra3 32. Qb7 Bf6 33. Rc1 g6 34. h3 Rxa2 35. Rc8 Rxc8 36. Qxc8+ Kg7 37. Qc4 Ra1+ 38. Kh2 h5 39. g4 hxg4 40. hxg4 g5 41. Kg2 Rd1 42. Qc2 1/2-1/2

[Event "NOR-ch Class2"]
[Site "Lillehammer"]
[Date "2013.06.29"]
[Round "9"]
[White "Gjertsen, Petter"]
[Black "Andersen, Dag"]
[Result "1/2-1/2"]
[WhiteElo "1505"]
[BlackElo "1701"]
[PlyCount "27"]
[EventDate "2013.06.29"]
[EventType "swiss"]
[EventRounds "9"]
[EventCountry "NOR"]
[SourceTitle "EXT 2017"]
[Source "ChessBase"]
[SourceDate "2016.10.25"]
[SourceVersion "1"]
[SourceVersionDate "2016.10.25"]
[SourceQuality "1"]

1. f4 d5 2. Nf3 Nf6 3. b3 c5 4. e3 Nc6 5. Bb2 e6 6. Be2 Be7 7. 0-0 0-0 8. h3 Ne4 9. Qe1 Bf6 10. Bxf6 Qxf6 11. Nc3 Nxc3 12. dxc3 a6 13. a4 b6 14. g4 1/2-1/2

[Event "NOR-ch Class2"]
[Site "Lillehammer"]
[Date "2013.06.29"]
[Round "8"]
[White "Gjertsen, Petter"]
[Black "Emberland, Even"]
[Result "1/2-1/2"]
[WhiteElo "1505"]
[BlackElo "1540"]
[PlyCount "47"]
[EventDate "2013.06.29"]
[EventType "swiss"]
[EventRounds "9"]
[EventCountry "NOR"]
[SourceTitle "EXT 2017"]
[Source "ChessBase"]
[SourceDate "2016.10.25"]
[SourceVersion "1"]
[SourceVersionDate "2016.10.25"]
[SourceQuality "1"]

1. f4 c5 2. Nf3 d5 3. e3 g6 4. c4 e6 5. Qc2 b6 6. cxd5 exd5 7. Bb5+ Bd7 8. Bxd7+ Nxd7 9. Nc3 Ne7 10. 0-0 Bg7 11. Ne2 0-0 12. d3 Re8 13. e4 dxe4 14. dxe4 Nc6 15. a3 Qe7 16. Ng3 Nd4 17. Nxd4 Bxd4+ 18. Kh1 Nf6 19. e5 Ng4 20. Ne4 f5 21. Ng5 Rad8 22. Nf3 Nf2+ 23. Kg1 Nh3+ 24. Kh1 1/2-1/2